| 000 | 00436nam a22001577a 4500 | ||
|---|---|---|---|
| 003 | DO-SdBNP | ||
| 005 | 20171124131830.0 | ||
| 008 | 171124b mx||||| |||| 00| 0 spa d | ||
| 040 |
_aBPMSU _bspa _cBPMSU |
||
| 100 | _aWhite, Elena C., de | ||
| 245 |
_aEl deseado de todas las gentes / _cElena C. De White |
||
| 260 |
_aMéxico : _bEdiciones Interamericana _c1955 |
||
| 300 |
_a812 p, _c18 cm |
||
| 942 |
_2ddc _cBK |
||
| 956 |
_adgarcia _b10 |
||
| 999 |
_c13095 _d13095 |
||